000 00316nam a22001337a 4500
008 210303b ||||| |||| 00| 0 eng d
020 _a9780618203048
041 _aeng
080 _26th
_a510
100 _a36
101 _aMAT
245 _aIntermediate Algebra:An Applied Approach
_cAufmann,N.R
942 _2udc
_cBK
999 _c55701
_d55701